000 00733nam a2200241 i 4500
001 C2-0240918
003 PPAK
005 20180727203455.0
008 020729s1969 my |||| ||||| | may d
040 _aPPAK
_beng
_cPPAK
_erda
082 0 4 _a378.595
_223
090 0 0 _a378.595
_bJAW
_dKSI
110 2 _aJawatan kuasa Penaja Universiti Kebangsaan
245 0 0 _aLaporan Universiti Kebangsaan
264 1 _aKuala Lumpur :
_bDewan Bahasa dan Pustaka ,
_c1969
300 _axii, 74 pages ;
_c23 cm
336 _2rdacontent
_atext
337 _2rdamedia
_aunmediated
338 _2rdacarrier
_avolume
650 1 0 _aUniversiti Kebangsaan Malaysia
710 2 _aJawatan kuasa Penaja Universiti Kebangsaan
_eorganizer
942 _ddc
_cB
999 _c56071
_d56071